Organic recycling and biofertilisation in South Asia (Record no. 41877)

MARC details
000 -LEADER
fixed length control field 00399nam a2200133Ia 4500
020 ## - INTERNATIONAL STANDARD BOOK NUMBER
ISBN 8185116466
082 ## - DEWEY DECIMAL CLASSIFICATION NUMBER
Classification number 631.86:01
Item number TAN
100 ## - MAIN ENTRY--AUTHOR NAME
Personal name Tandon, H L S
245 #0 - TITLE STATEMENT
Title Organic recycling and biofertilisation in South Asia
260 ## - PUBLICATION, DISTRIBUTION, ETC. (IMPRINT)
Place of publication New Delhi
Name of publisher Fertilizer Development & Consultation Organization
Year of publication 2001
650 ## - SUBJECT ADDED ENTRY--TOPICAL TERM
Topical Term Vermicomposing
942 ## - ADDED ENTRY ELEMENTS (KOHA)
Koha item type Books
Holdings
Withdrawn status Lost status Damaged status Not for loan Home library Current library Date acquired Cost, normal purchase price Full call number Accession Number Koha item type
        RRII Library RRII Library 16/12/2021 350.00 631.86:01 TAN 22160 Books